The ABC's of empowered teams : (Record no. 862)

MARC details
000 -LEADER
fixed length control field 00828cam a2200265 a 4500
005 - DATE AND TIME OF LATEST TRANSACTION
control field 20260322212037.0
008 - FIXED-LENGTH DATA ELEMENTS--GENERAL INFORMATION
fixed length control field data
010 ## - LIBRARY OF CONGRESS CONTROL NUMBER
LC control number 95189164
020 ## - INTERNATIONAL STANDARD BOOK NUMBER
International Standard Book Number 1878542761
020 ## - INTERNATIONAL STANDARD BOOK NUMBER
International Standard Book Number 9781878542762
040 ## - CATALOGING SOURCE
Original cataloging agency DLC
Transcribing agency DLC
Modifying agency DLC
050 00 - LIBRARY OF CONGRESS CALL NUMBER
Classification number HD50.5
Item number .T69 1994
092 ## - LOCALLY ASSIGNED DEWEY CALL NUMBER (OCLC)
Classification number 658.4 T69 1994
001 - CONTROL NUMBER
control field data
100 1# - MAIN ENTRY--PERSONAL NAME
Personal name Towers, Mark.
245 14 - TITLE STATEMENT
Title The ABC's of empowered teams :
Remainder of title building blocks for success /
Statement of responsibility, etc. Mark Towers.
260 ## - PUBLICATION, DISTRIBUTION, ETC.
Place of publication, distribution, etc. Mission, KS :
Name of publisher, distributor, etc. SkillPath Publications,
Date of publication, distribution, etc. c1994.
300 ## - PHYSICAL DESCRIPTION
Extent v, 102 p. ;
Dimensions 22 cm.
650 #0 - SUBJECT ADDED ENTRY--TOPICAL TERM
Topical term or geographic name entry element Employee empowerment.
650 #0 - SUBJECT ADDED ENTRY--TOPICAL TERM
Topical term or geographic name entry element Self-directed work teams.
906 ## - LOCAL DATA ELEMENT F, LDF (RLIN)
a 7
b cbc
c orignew
d 2
e ncip
f 19
g y-gencatlg
922 ## -
-- co
991 ## -
-- c-GenColl
-- HD50.5
-- .T69 1994
-- 00033462116
-- Copy 1
-- BOOKS
Holdings
Withdrawn status Lost status Damaged status Not for loan Home library Current library Shelving location Date acquired Total checkouts Full call number Barcode Date last seen Price effective from Koha item type
        Franklin Franklin General stacks 22/03/2026   HD50.5 .T69 1994 BC0010887 22/03/2026 22/03/2026 Books